[Event "World Open"]
[Site "Philadelphia, PA USA"]
[Date "1991.??.??"]
[Round "1"]
[White "Olafsson, Helgi"]
[Black "Samimi, Askari"]
[Result "1-0"]
[WhiteElo "2590"]
[BlackElo "2245"]
[PlyCount "45"]
[EventDate "1991.07.??"]
[Source "www.chesslib.no"]
[SourceDate "2004.05.04"]

1. d4 Nf6 2. c4 b6 3. Nc3 e6 4. e4 Bb7 5. Bd3 d5 6. cxd5 exd5 7. e5 Ne4 8. Nge2 c5 9. O-O Be7 10. Bxe4 dxe4 11. d5 O-O 12. Ng3 Nd7 13. d6 Bh4 14. Bf4 Bg5 15. Bxg5 Qxg5 16. Ngxe4 Qxe5 17. Re1 Rad8 18. Ng3 Qf6 19. Re7 Rfe8 20. Qe2 Rxe7 21. Qxe7 g6 22. Re1 Kg7 23. Nge4 1-0

[Event "Open Mediterranean 2013"]
[Site "Fiume CRO"]
[Date "2007.11.27"]
[Round "4.10"]
[White "Cebalo, Miso"]
[Black "Schuurman, Petra"]
[Result "1-0"]
[WhiteElo "2550"]
[BlackElo "2281"]
[PlyCount "89"]
[EventDate "2007.11.25"]
[Source "www.chesslib.no"]
[SourceDate "2004.05.04"]

1. d4 Nf6 2. c4 b6 3. Nc3 Bb7 4. Qc2 e6 5. e4 Bb4 6. Bd3 c5 7. d5 b5 8. b3 d6 9. Nge2 Nbd7 10. dxe6 fxe6 11. cxb5 O-O 12. O-O Ne5 13. Bg5 Qe8 14. Bc4 Nxc4 15. bxc4 Qg6 16. Bxf6 Rxf6 17. f3 Raf8 18. Qd3 Qg5 19. Rad1 Ba5 20. f4 Qg6 21. Qe3 Rd8 22. Rf3 Qf7 23. Rdf1 Bb6 24. f5 exf5 25. Nd5 Bxd5 26. exd5 Re8 27. Qd3 Re4 28. Nf4 g6 29. Re3 Qe7 30. Rfe1 Qe5 31. g3 Ba5 32. Rxe4 fxe4 33. Rxe4 Qa1+ 34. Kg2 Bc3 35. Qe2 Be5 36. Nd3 Bd4 37. Re8+ Kg7 38. Re7+ Kh6 39. Kh3 Qf1+ 40. Qxf1 Rxf1 41. Rxa7 Rf3 42. Ra3 Re3 43. Rb3 Re2 44. b6 g5 45. b7 1-0

[Event "WYCC 2003 - B18"]
[Site "Halkidiki"]
[Date "2003.10.31"]
[Round "9.5"]
[White "Kharitonov, Alexandr"]
[Black "Babujian, Levon"]
[Result "1-0"]
[WhiteElo "2439"]
[BlackElo "2373"]
[PlyCount "101"]
[EventDate "2003.10.23"]
[Source "Roberto Alvarez"]
[SourceDate "2003.11.03"]

1. d4 Nf6 2. c4 b6 3. Nc3 Bb7 4. Qc2 d5 5. cxd5 Nxd5 6. Nf3 g6 7. e4 Nxc3 8. bxc3 Bg7 9. Bb5+ c6 10. Be2 O-O 11. O-O c5 12. Be3 cxd4 13. cxd4 Nc6 14. d5 Nb4 15. Qa4 Bxa1 16. Rxa1 a5 17. Bh6 Qd6 18. a3 Na6 19. Qd4 f6 20. Bxf8 Rxf8 21. Nd2 Nc5 22. Rb1 Rd8 23. g3 Qc7 24. f4 e5 25. fxe5 fxe5 26. Qc3 Bc8 27. Nb3 Rf8 28. Nxc5 bxc5 29. Rc1 Qb6 30. Qxc5 Qb2 31. Rf1 Rxf1+ 32. Bxf1 Bg4 33. h3 Bd7 34. d6 Kf7 35. h4 Kf6 36. Qc7 Qd4+ 37. Kh2 Qf2+ 38. Bg2 Ke6 39. Qxa5 Qd4 40. Qc7 Qd2 41. Qb8 Bc6 42. Qd8 Bxe4 43. Qe7+ Kf5 44. Qf7+ Kg4 45. Qe6+ Bf5 46. Qxe5 g5 47. hxg5 Bd7 48. Qf4+ Qxf4 49. gxf4 Kxf4 50. Bh3 Bc6 51. d7 1-0

[Event "Spijkenisse"]
[Site "?"]
[Date "1989.??.??"]
[Round "6"]
[White "Winants Luc"]
[Black "Alexandria Nana"]
[Result "1-0"]
[WhiteElo "2435"]
[BlackElo "2375"]
[PlyCount "49"]
[EventDate "1989.??.??"]
[Source "www.chesslib.no"]
[SourceDate "2004.05.04"]

1. d4 Nf6 2. c4 b6 3. Nc3 Bb7 4. Qc2 e6 5. e4 Bb4 6. Bd3 c5 7. d5 b5 8. Nge2 bxc4 9. Bxc4 exd5 10. exd5 Nxd5 11. Qb3 Bxc3+ 12. bxc3 Nb6 13. Bxf7+ Kf8 14. O-O Qf6 15. Bh5 d5 16. Re1 g6 17. Bf3 g5 18. Bb2 g4 19. c4 Qf7 20. Bxd5 Nxd5 21. cxd5 Rg8 22. Nf4 Bc8 23. Ne6+ Bxe6 24. dxe6 Qe7 25. Qd5 1-0

[Event "XXVII Open A"]
[Site "Bethune FRA"]
[Date "2006.12.26"]
[Round "2"]
[White "Foisor, S."]
[Black "Abergel, T."]
[Result "0-1"]
[WhiteElo "2326"]
[BlackElo "2474"]
[PlyCount "110"]
[EventDate "2006.12.26"]
[Source "www.chesslib.no"]
[SourceDate "2004.05.04"]

1. d4 Nf6 2. c4 b6 3. Nc3 Bb7 4. d5 e6 5. a3 exd5 6. cxd5 Bc5 7. Nh3 Qe7 8. g3 Ne4 9. Nb5 Na6 10. Bg2 c6 11. Nc3 Nxc3 12. bxc3 cxd5 13. c4 Qf6 14. Bd2 Nc7 15. O-O Bc6 16. Bg5 Qe6 17. Nf4 Qf5 18. cxd5 Bb7 19. Nh3 d6 20. e4 Qd7 21. Bc1 O-O 22. Bb2 f5 23. Nf4 Rae8 24. Nh5 Re7 25. Bh3 Ba6 26. exf5 Bxf1 27. Qxf1 Qb5 28. Qxb5 Nxb5 29. f6 gxf6 30. Be6+ Kh8 31. Rd1 Bxa3 32. Ba1 Nc7 33. Nxf6 Nxe6 34. Re1 Rc8 35. dxe6 Kg7 36. Nd5+ Kf8 37. Nxe7 Kxe7 38. f4 Rc1 39. Rxc1 Bxc1 40. f5 a5 41. Bc3 a4 42. Kf2 a3 43. Ke2 Bg5 44. Kd3 b5 45. Kc2 Bf6 46. Bxf6+ Kxf6 47. g4 d5 48. g5+ Ke7 49. Kb3 b4 50. h4 d4 51. g6 hxg6 52. fxg6 Kxe6 53. h5 Kf6 54. Kc2 d3+ 55. Kxd3 a2 0-1

[Event "Heart of Finland op"]
[Site "?"]
[Date "2002.??.??"]
[Round "6"]
[White "Solozhenkin Evgeny"]
[Black "Molander Riku"]
[Result "1-0"]
[WhiteElo "2506"]
[BlackElo "2286"]
[PlyCount "79"]
[EventDate "2002.??.??"]
[Source "www.chesslib.no"]
[SourceDate "2004.05.04"]

1. d4 Nf6 2. c4 b6 3. f3 Nc6 4. d5 Ne5 5. e4 e6 6. Nc3 Bb7 7. f4 Ng6 8. Bd3 Bb4 9. Nf3 O-O 10. O-O Ng4 11. Kh1 Bc5 12. Qe2 f5 13. exf5 exf5 14. h3 Nh6 15. Ng5 Qf6 16. Bd2 Rae8 17. Qh5 c6 18. Rad1 cxd5 19. cxd5 Be3 20. Bc4 Qd4 21. Bxe3 Qxe3 22. Qf3 Qc5 23. Bb3 Ba6 24. Rfe1 Rxe1+ 25. Rxe1 Qd6 26. g3 Nf7 27. Ne6 Re8 28. Rd1 Bb7 29. Nd4 Qf6 30. Kh2 Nd6 31. Rd2 Nh8 32. Ndb5 a6 33. Nxd6 Qxd6 34. Qd3 g6 35. Qd4 Nf7 36. Na4 b5 37. Nc5 Ba8 38. Ne6 dxe6 39. dxe6 Rxe6 40. Qxd6 1-0

[Event "ch-BEL"]
[Site "Eupen"]
[Date "2003.07.11"]
[Round "7"]
[White "Mohandesi, Shahin"]
[Black "Cekro, Ekrem"]
[Result "0-1"]
[WhiteElo "2337"]
[BlackElo "2455"]
[PlyCount "140"]
[EventDate "2003.07.05"]
[Source "Roberto Alvarez"]
[SourceDate "2003.07.14"]

1. d4 Nf6 2. c4 b6 3. Nc3 Bb7 4. f3 d6 5. e4 Nbd7 6. Be3 e5 7. Nge2 g6 8. Qd2 Bg7 9. d5 a6 10. g4 h5 11. g5 Nh7 12. h4 O-O 13. Bh3 Re8 14. Rg1 Ndf8 15. O-O-O Bc8 16. Bxc8 Qxc8 17. Kb1 Nd7 18. Nc1 Qb7 19. Nd3 Nhf8 20. Rc1 Nb8 21. Qf2 Nbd7 22. Rgf1 Nc5 23. Ne1 Qc8 24. Qg2 Qd7 25. Rh1 Reb8 26. Qe2 Nb7 27. Nd3 Qe8 28. Rh2 Nd7 29. Nb4 Nd8 30. Nd3 Nc5 31. Nd1 c6 32. Nb4 cxd5 33. cxd5 a5 34. Nc2 Na6 35. Na3 b5 36. Qf1 a4 37. Nf2 Bf8 38. Rh1 Qd7 39. Qe2 b4 40. Nc4 Qb5 41. Rhe1 Rb7 42. Nd2 Qe8 43. Rc4 Qb5 44. Qf1 Rbb8 45. Rec1 Qd7 46. Qh3 Qb5 47. Qf1 Qd7 48. Nd3 Qb5 49. f4 exf4 50. Qxf4 Nb7 51. Bd4 Bg7 52. Bxg7 Kxg7 53. Rf1 Rf8 54. Qf6+ Kg8 55. Qd4 b3 56. a3 Nac5 57. Nxc5 dxc5 58. Qe3 Rad8 59. Rf6 Rfe8 60. Qg3 Qd7 61. Rc1 Nd6 62. Rf4 Rc8 63. Qd3 c4 64. Qe3 Qe7 65. Rc3 Nb5 66. Nxc4 Nxc3+ 67. Qxc3 Qa7 68. Qc1 Qd4 69. e5 Qd3+ 70. Ka1 Rxe5 0-1

[Event "Dreszer Memorial"]
[Site "Gdynia POL"]
[Date "1985.??.??"]
[Round "8"]
[White "Tomaszewski, Roman"]
[Black "Tomorhuyag, Nyamaa"]
[Result "0-1"]
[WhiteElo "2405"]
[BlackElo "2385"]
[PlyCount "116"]
[EventDate "1985.??.??"]
[Source "www.chesslib.no"]
[SourceDate "2004.05.04"]

1. d4 Nf6 2. c4 b6 3. Nc3 Bb7 4. Qc2 g6 5. e4 d6 6. g3 Bg7 7. Bg2 c5 8. d5 a6 9. Nge2 b5 10. cxb5 axb5 11. Nxb5 Qa5+ 12. Nec3 Ba6 13. Bf1 Nbd7 14. Bd2 Ne5 15. Be2 O-O 16. f4 Ned7 17. O-O c4 18. a4 Qb6+ 19. Kg2 Rfc8 20. Rfc1 h5 21. h3 Kh7 22. Be1 Bb7 23. Bf2 Qd8 24. Kh2 Bh6 25. Be3 Ra6 26. Ra3 e6 27. dxe6 fxe6 28. g4 hxg4 29. hxg4 Nxg4+ 30. Bxg4 Qh4+ 31. Bh3 Ne5 32. Ne2 c3 33. Rxc3 Ng4+ 34. Kg1 Qxh3 35. Rc7+ Bg7 36. Bd4 e5 37. Qc3 Qh2+ 38. Kf1 Rxc7 39. Nxc7 exd4 40. Qf3 Ne3+ 41. Ke1 Rc6 42. Rxc6 Bxc6 43. Ne6 Qh5 44. Qxh5+ gxh5 45. N6xd4 Bxe4 46. Ng3 Kg6 47. Nxe4 Bxd4 48. Nxd6 h4 49. Ne4 Kf5 50. Ng5 Bxb2 51. Kf2 Nc4 52. Nf3 Bf6 53. Kg2 Kxf4 54. Nh2 Bd8 55. Kh3 Ne3 56. a5 Bxa5 57. Kxh4 Bd8+ 58. Kh3 Be7 0-1

[Event "16. Open"]
[Site "?"]
[Date "2005.07.13"]
[Round "7"]
[White "Krumpacnik Domen"]
[Black "Barle Janez"]
[Result "1-0"]
[WhiteElo "2379"]
[BlackElo "2408"]
[PlyCount "95"]
[EventDate "2005.??.??"]
[Source "www.chesslib.no"]
[SourceDate "2004.05.04"]

1. d4 Nf6 2. c4 b6 3. Nc3 Bb7 4. f3 d5 5. cxd5 Nxd5 6. e4 Nxc3 7. bxc3 e5 8. Bc4 Nd7 9. Ne2 Bd6 10. O-O O-O 11. f4 exf4 12. e5 f3 13. gxf3 Bxe5 14. dxe5 Nxe5 15. Qxd8 Raxd8 16. Bb3 Nxf3+ 17. Kf2 Nxh2 18. Rg1 Nf3 19. Rg3 Nd2 20. Bxd2 Rxd2 21. Re3 Rd7 22. Nd4 c5 23. Nf3 Bxf3 24. Kxf3 Rfd8 25. Bc4 Kf8 26. a4 Re7 27. a5 Rxe3+ 28. Kxe3 g6 29. Kf4 Rd2 30. Ke5 Kg7 31. Bd5 h5 32. c4 h4 33. a6 h3 34. Kd6 g5 35. Kc7 g4 36. Kb7 g3 37. Kxa7 Rxd5 38. cxd5 h2 39. Kb8 g2 40. a7 g1=Q 41. a8=Q h1=Q 42. Rxg1+ Qxg1 43. d6 Qg3 44. Qc6 c4 45. Kc8 c3 46. d7 Qh3 47. Qc7 b5 48. Kb8 1-0

[Event "Voronezh-ch Region"]
[Site "Voronezh"]
[Date "2004.12.08"]
[Round "6"]
[White "Raetsky, Alexander"]
[Black "Terentiev, Vitaly G"]
[Result "0-1"]
[WhiteElo "2430"]
[BlackElo "2355"]
[PlyCount "72"]
[EventDate "2004.12.03"]
[Source "Roberto Alvarez"]
[SourceDate "2004.12.13"]

1. d4 Nf6 2. c4 b6 3. Nc3 Bb7 4. f3 c5 5. d5 d6 6. e4 g6 7. Bg5 Bg7 8. Qd2 h6 9. Be3 a6 10. Nh3 Nbd7 11. Be2 b5 12. cxb5 Qa5 13. O-O axb5 14. Bxb5 Ba6 15. a4 Bxb5 16. Nxb5 Qxd2 17. Bxd2 O-O 18. b3 Rfb8 19. Nf2 Nxe4 20. Rad1 Nxd2 21. Rxd2 c4 22. bxc4 Rxa4 23. Rc2 Rc8 24. Rfc1 Nb6 25. c5 Nxd5 26. Ne4 dxc5 27. Rxc5 Rxc5 28. Rxc5 Ra1+ 29. Kf2 Ra2+ 30. Kg3 Ne3 31. f4 Nf5+ 32. Kf3 Nh4+ 33. Kg3 Nxg2 34. Nbc3 Bxc3 35. Nxc3 Kg7 36. Rc7 Ne3 0-1

[Event "Campionato europeo 2007"]
[Site "Dresda GER"]
[Date "2007.04.14"]
[Round "11.123"]
[White "Iskusnyh, Sergei"]
[Black "Sowray, Peter"]
[Result "1-0"]
[WhiteElo "2463"]
[BlackElo "2317"]
[PlyCount "67"]
[EventDate "2007.04.03"]
[Source "www.chesslib.no"]
[SourceDate "2004.05.04"]

1. d4 Nf6 2. c4 b6 3. Nc3 Bb7 4. Qc2 d5 5. cxd5 Nxd5 6. e4 Nxc3 7. bxc3 e5 8. Nf3 exd4 9. Bc4 d3 10. Bxd3 Nd7 11. O-O Bc5 12. Bg5 f6 13. Bf4 O-O 14. Rad1 Qe7 15. Bxc7 Kh8 16. Bg3 Rac8 17. Qa4 a5 18. Bc4 Ne5 19. Nxe5 fxe5 20. Rd7 Bc6 21. Rxe7 Bxa4 22. Rxe5 Bd6 23. Re6 Rxc4 24. Bxd6 Rd8 25. Be5 Kg8 26. f3 Rd2 27. Rf2 Rd1+ 28. Rf1 Rd2 29. Rxb6 Rxa2 30. Rfb1 Bc6 31. Ra6 Bxe4 32. fxe4 Rxe4 33. Rb8+ Kf7 34. Rb7+ 1-0

[Event "Corr"]
[Site "?"]
[Date "1998.01.10"]
[Round "?"]
[White "Schorra Helmut"]
[Black "Mrugala Arthur (CAN)"]
[Result "0-1"]
[WhiteElo "2465"]
[BlackElo "2315"]
[PlyCount "72"]
[EventDate "1998.??.??"]
[Source "www.chesslib.no"]
[SourceDate "2004.05.04"]

1. d4 Nf6 2. c4 b6 3. Nc3 Bb7 4. Qc2 d5 5. cxd5 Nxd5 6. Nf3 Nxc3 7. bxc3 e6 8. e4 Be7 9. Bb5+ c6 10. Bd3 c5 11. O-O O-O 12. Rd1 cxd4 13. cxd4 Nc6 14. Bb5 Qd6 15. g3 a6 16. Bf4 Nb4 17. Qe2 e5 18. Bxe5 Qg6 19. Ba4 Qxe4 20. Qxe4 Bxe4 21. Ne1 b5 22. Bb3 Rad8 23. f3 Bd5 24. Kf2 Rd7 25. Nd3 f6 26. Bxd5+ Nxd5 27. Bf4 Rc8 28. Bd2 Rc2 29. Ne1 Rc4 30. Rac1 Ra4 31. Nd3 Rxa2 32. Nc5 Bxc5 33. dxc5 Nb4 34. Ke2 Nc6 35. Rc3 Rd5 36. Ke1 b4 0-1

[Event "FRA-chT N2 Est"]
[Site "FRA"]
[Date "2003.02.02"]
[Round "7.1"]
[White "Dittmar, Peter"]
[Black "Cekro, Ekrem"]
[Result "1-0"]
[WhiteElo "2324"]
[BlackElo "2455"]
[PlyCount "57"]
[EventDate "2002.10.13"]
[Source "Roberto Alvarez"]
[SourceDate "2003.07.07"]

1. d4 Nf6 2. c4 b6 3. f3 d6 4. Nc3 Nbd7 5. e4 e5 6. Nge2 Be7 7. Be3 O-O 8. Qd2 Re8 9. O-O-O a6 10. Kb1 c6 11. g4 b5 12. g5 Nh5 13. Ng3 exd4 14. Qxd4 Nxg3 15. hxg3 Bxg5 16. Bxg5 Qxg5 17. Qxd6 Nf8 18. Be2 Be6 19. f4 Qxg3 20. Rdg1 Qf2 21. f5 Bxc4 22. Bxc4 bxc4 23. Qh6 Qf1+ 24. Kc2 Qf2+ 25. Kc1 Ng6 26. Qxh7+ Kf8 27. fxg6 Rab8 28. Qh8+ Ke7 29. Qh4+ 1-0

[Event "Budapest Nyar op"]
[Site "Budapest"]
[Date "1998.??.??"]
[Round "9"]
[White "Namgilov, Sogto"]
[Black "Shushpanov, Vladimir"]
[Result "1-0"]
[WhiteElo "2430"]
[BlackElo "2340"]
[PlyCount "77"]
[EventDate "1998.??.??"]
[Source "www.chesslib.no"]
[SourceDate "2004.05.04"]

1. d4 Nf6 2. c4 b6 3. Nc3 Bb7 4. f3 d5 5. cxd5 Nxd5 6. Nxd5 Qxd5 7. e4 Qd6 8. Ne2 e5 9. Be3 Nd7 10. Nc3 exd4 11. Nb5 Qe5 12. Qxd4 Qxd4 13. Bxd4 Kd8 14. O-O-O c6 15. Bc3 Kc8 16. Nd4 b5 17. Nf5 f6 18. Ba5 Nb6 19. Nd4 g6 20. g3 Bh6+ 21. Kb1 Re8 22. Bh3+ Kc7 23. Ne6+ Kb8 24. Nd8 Nc4 25. Bc3 Bc8 26. Bxc8 Kxc8 27. Nxc6 Kc7 28. Nb4 f5 29. exf5 gxf5 30. b3 Ne3 31. Nd5+ Kc6 32. Nb4+ Kc7 33. Rc1 Kb7 34. f4 Bf8 35. Nd3 Bd6 36. Be5 Rad8 37. Rhe1 Bxe5 38. Nxe5 Nd5 39. Nf7 1-0

[Event "Aarhus int"]
[Site "Aarhus"]
[Date "1989.??.??"]
[Round "6"]
[White "Bern, Ivar"]
[Black "Pedersen, E."]
[Result "0-1"]
[WhiteElo "2360"]
[BlackElo "2410"]
[PlyCount "46"]
[EventDate "1989.??.??"]
[Source "www.chesslib.no"]
[SourceDate "2004.05.04"]

1. d4 Nf6 2. c4 b6 3. Nc3 Bb7 4. f3 d5 5. cxd5 Nxd5 6. Nxd5 Qxd5 7. e4 Qd6 8. a3 e5 9. Ne2 Be7 10. Be3 O-O 11. Qc2 Nd7 12. Rd1 Rad8 13. Nc3 exd4 14. Bxd4 Qh6 15. Qf2 Bg5 16. Nb1 Nb8 17. Be2 Nc6 18. Bc3 Rxd1+ 19. Bxd1 Rd8 20. Bd2 Bxd2+ 21. Nxd2 Ne5 22. Bc2 Nc4 23. Nb3 Ne3 0-1

[Event "Ch Rheinland"]
[Site "Rheinland"]
[Date "1991.??.??"]
[Round "?"]
[White "Schlueter Wolfgang"]
[Black "Meduna, Eduard"]
[Result "1-0"]
[WhiteElo "2275"]
[BlackElo "2485"]
[PlyCount "43"]
[EventDate "1991.??.??"]
[Source "www.chesslib.no"]
[SourceDate "2004.05.04"]

1. d4 Nf6 2. c4 b6 3. Nc3 Bb7 4. Nf3 d5 5. cxd5 Nxd5 6. Bg5 Nd7 7. e3 N5f6 8. Ne5 Nxe5 9. dxe5 Nd7 10. Qa4 c6 11. Rd1 Qc7 12. f4 Nc5 13. Qc2 f6 14. b4 Na6 15. Bxa6 Bxa6 16. e6 Rd8 17. Kf2 Bc8 18. Rxd8+ Qxd8 19. Rd1 Qc7 20. f5 fxg5 21. Nb5 Qe5 22. Qxc6+ 1-0

[Event "SUI-chT Wollishofen-SW Bern"]
[Site "Svizzera"]
[Date "2007.09.02"]
[Round "7.2"]
[White "Hochstrasser, Michael"]
[Black "Kuemin, Simon"]
[Result "1/2-1/2"]
[WhiteElo "2371"]
[BlackElo "2385"]
[PlyCount "20"]
[EventDate "2007.02.25"]
[Source "www.chesslib.no"]
[SourceDate "2004.05.04"]

1. d4 Nf6 2. c4 b6 3. Nc3 Bb7 4. Nf3 d5 5. Qa4+ Nbd7 6. cxd5 Nxd5 7. Nxd5 Bxd5 8. Ne5 a6 9. Bf4 e6 10. Qxd7+ Qxd7 1/2-1/2

[Event "10th TCh-Euro sen"]
[Site "Dresden GER"]
[Date "2008.02.11"]
[Round "1"]
[White "Korchnoi, V."]
[Black "Van Geffen, B."]
[Result "1-0"]
[WhiteElo "2605"]
[BlackElo "2150"]
[PlyCount "61"]
[EventDate "2008.02.11"]
[Source "www.chesslib.no"]
[SourceDate "2004.05.04"]

1. d4 Nf6 2. c4 b6 3. Nc3 Bb7 4. Qc2 d5 5. cxd5 Nxd5 6. Nf3 g6 7. e4 Nxc3 8. bxc3 Bg7 9. h4 O-O 10. h5 c5 11. hxg6 hxg6 12. d5 Nd7 13. Bh6 Bxh6 14. Rxh6 Kg7 15. Rh3 Rh8 16. Rg3 Qc7 17. c4 Ne5 18. Qc3 f6 19. Ng5 Bc8 20. f4 Nf7 21. Nxf7 Kxf7 22. e5 Bf5 23. O-O-O Rad8 24. Bd3 Rh4 25. Bxf5 gxf5 26. Qd3 Rxf4 27. e6+ Kf8 28. Rh1 Rg4 29. Rxg4 fxg4 30. Rh8+ Kg7 31. Qh7# 1-0

[Event "Aarhus int-A"]
[Site "Aarhus"]
[Date "1990.??.??"]
[Round "3"]
[White "Burgess, Graham"]
[Black "Pedersen, E."]
[Result "1/2-1/2"]
[WhiteElo "2335"]
[BlackElo "2415"]
[PlyCount "20"]
[EventDate "1990.??.??"]
[Source "www.chesslib.no"]
[SourceDate "2004.05.04"]

1. d4 Nf6 2. c4 b6 3. Nf3 Bb7 4. Nc3 d5 5. Qa4+ Nbd7 6. Ne5 e6 7. cxd5 Nxd5 8. Nxd5 exd5 9. Bf4 Bd6 10. e3 Bxe5 1/2-1/2

[Event "FRA Team Ch"]
[Site "France"]
[Date "1991.??.??"]
[Round "?"]
[White "Passager, Jean Pierre"]
[Black "Haik, Aldo"]
[Result "0-1"]
[WhiteElo "2305"]
[BlackElo "2435"]
[PlyCount "48"]
[EventDate "1991.??.??"]
[Source "www.chesslib.no"]
[SourceDate "2004.05.04"]

1. d4 Nf6 2. c4 b6 3. Nf3 Bb7 4. Nc3 Ne4 5. Qc2 Nxc3 6. bxc3 d6 7. Bf4 Nd7 8. e3 g6 9. Bd3 Bg7 10. h4 e5 11. Bg5 f6 12. h5 fxg5 13. Bxg6+ hxg6 14. Qxg6+ Kf8 15. h6 Bf6 16. Nxg5 Qe7 17. Rh5 exd4 18. cxd4 Re8 19. Kf1 Be4 20. Nxe4 Qxe4 21. Rf5 Qe7 22. g4 Qf7 23. Qh5 Qxh5 24. Rxh5 Kf7 0-1

[Event "Czech Extraleague 1998-9"]
[Site "CZE"]
[Date "1999.02.13"]
[Round "6"]
[White "Neumann, P."]
[Black "Babula, M."]
[Result "1-0"]
[WhiteElo "2385"]
[BlackElo "2349"]
[PlyCount "77"]
[EventDate "1999.??.??"]
[Source "www.chesslib.no"]
[SourceDate "2004.05.04"]

1. d4 Nf6 2. c4 b6 3. Nc3 Bb7 4. Qc2 e6 5. e4 Bb4 6. Bd3 Bxc3+ 7. bxc3 d6 8. f4 Nc6 9. Nf3 Qe7 10. O-O O-O-O 11. a4 Nd7 12. Ba3 h6 13. Nd2 g5 14. f5 Ncb8 15. a5 c5 16. axb6 axb6 17. Rab1 Nc6 18. e5 dxe5 19. f6 Nxf6 20. Rxb6 Nd7 21. Rb2 Kc7 22. Ne4 Ra8 23. d5 Qd8 24. Nxc5 Nxc5 25. Bxc5 Qd7 26. dxc6 Bxc6 27. Be4 f5 28. Rd1 Qe8 29. Bd6+ Kc8 30. Bxc6 Qxc6 31. c5 Rd8 32. Qb3 Re8 33. Qb6 Qxb6 34. Rxb6 e4 35. Rdb1 Rd8 36. Rc6+ Kd7 37. Rc7+ Ke8 38. Re7+ Kf8 39. Rxe6+ 1-0

[Event "Corr"]
[Site "?"]
[Date "1995.06.30"]
[Round "?"]
[White "Lindstrom Bo (SWE)"]
[Black "Keller Manfred (GER)"]
[Result "1/2-1/2"]
[WhiteElo "2305"]
[BlackElo "2405"]
[PlyCount "53"]
[EventDate "1995.??.??"]
[Source "www.chesslib.no"]
[SourceDate "2004.05.04"]

1. d4 Nf6 2. c4 b6 3. Nc3 Bb7 4. d5 e6 5. e4 exd5 6. exd5 Bc5 7. Bd3 O-O 8. Nge2 Ng4 9. Ne4 Bb4+ 10. Bd2 f5 11. Nf6+ Qxf6 12. Bxb4 d6 13. Bc3 Qh4 14. g3 Qh3 15. Nf4 Re8+ 16. Be2 Qh6 17. Qc2 Bc8 18. h4 Ne5 19. O-O a5 20. b3 Na6 21. Ng2 Nc5 22. Rad1 Bd7 23. Rfe1 Ne4 24. Bd4 a4 25. Nf4 Ng6 26. Nh5 Ne5 27. Nf4 1/2-1/2

[Event "Reggio Emilia 8990"]
[Site "Reggio Emilia"]
[Date "1989.??.??"]
[Round "?"]
[White "Beil, Zdenek"]
[Black "Horn, Pascal"]
[Result "1/2-1/2"]
[WhiteElo "2375"]
[BlackElo "2335"]
[PlyCount "32"]
[EventDate "1989.??.??"]
[Source "www.chesslib.no"]
[SourceDate "2004.05.04"]

1. d4 Nf6 2. c4 b6 3. Nc3 Bb7 4. Qc2 d5 5. cxd5 Nxd5 6. Nf3 Nxc3 7. Qxc3 Qd5 8. e3 Nd7 9. a4 e5 10. Bb5 exd4 11. Qxd4 Bb4+ 12. Bd2 Bxd2+ 13. Qxd2 a6 14. Be2 O-O 15. O-O c5 16. Rfc1 Rfe8 1/2-1/2

[Event "Tula"]
[Site "?"]
[Date "2000.??.??"]
[Round "1"]
[White "Tishin Petr"]
[Black "Kolesnik Eduard"]
[Result "1/2-1/2"]
[WhiteElo "2296"]
[BlackElo "2412"]
[PlyCount "54"]
[EventDate "2000.??.??"]
[Source "www.chesslib.no"]
[SourceDate "2004.05.04"]

1. d4 Nf6 2. c4 b6 3. Nc3 Bb7 4. Qc2 e6 5. e4 Bb4 6. Bd3 d5 7. cxd5 c5 8. dxe6 cxd4 9. exf7+ Kf8 10. a3 Nc6 11. axb4 Nxb4 12. Qe2 dxc3 13. Bc4 Bxe4 14. bxc3 Nc2+ 15. Qxc2 Bxc2 16. Ba3+ Qe7+ 17. Bxe7+ Kxe7 18. Nf3 Rhc8 19. Kd2 Rxc4 20. Kxc2 Rc5 21. Rhb1 Kxf7 22. Rxb6 Rxc3+ 23. Kxc3 Rc8+ 24. Kd3 axb6 25. Ra7+ Kg8 26. Rb7 Ng4 27. Rxb6 Nxf2+ 1/2-1/2

[Event "FSIM June"]
[Site "Budapest"]
[Date "2004.06.09"]
[Round "5"]
[White "Jakab, Attila"]
[Black "Farago, Sandor"]
[Result "1-0"]
[WhiteElo "2390"]
[BlackElo "2314"]
[PlyCount "89"]
[EventDate "2004.06.05"]
[Source "Roberto Alvarez"]
[SourceDate "2004.06.13"]

1. d4 Nf6 2. c4 b6 3. Nc3 Bb7 4. Qc2 e6 5. e4 Bb4 6. Bd3 c5 7. d5 exd5 8. cxd5 Qe7 9. Nge2 c4 10. Bxc4 Qxe4 11. Qxe4+ Nxe4 12. O-O Nxc3 13. Nxc3 O-O 14. Bf4 Rc8 15. Bb3 Na6 16. Ne4 Re8 17. Nd6 Bxd6 18. Bxd6 Re2 19. Rfe1 Rxb2 20. Rad1 Nc5 21. Be5 Rxb3 22. axb3 Nxb3 23. Bd6 h6 24. Re7 Ba6 25. Rxd7 Be2 26. Re1 Bb5 27. Rb7 Bc4 28. Rd1 Be2 29. Re1 Bc4 30. Re5 Nc5 31. Bxc5 bxc5 32. Rc7 Rb8 33. h3 Rb1+ 34. Kh2 Rd1 35. Re8+ Kh7 36. Rxf7 Rxd5 37. Rxa7 Rg5 38. g4 h5 39. f4 Rg6 40. f5 Rd6 41. Ree7 Kh6 42. Rxg7 h4 43. Kg2 Bb3 44. Kf3 c4 45. Kf4 1-0

[Event "NED-ch U20"]
[Site "?"]
[Date "2001.??.??"]
[Round "4"]
[White "Berkvens Joost"]
[Black "Erwich Frank AS"]
[Result "1-0"]
[WhiteElo "2383"]
[BlackElo "2318"]
[PlyCount "57"]
[EventDate "2001.??.??"]
[Source "www.chesslib.no"]
[SourceDate "2004.05.04"]

1. d4 Nf6 2. c4 b6 3. Nc3 Bb7 4. f3 c5 5. d5 e6 6. e4 a6 7. e5 Nh5 8. Nh3 Qh4+ 9. g3 Qd4 10. Qe2 g6 11. Bd2 b5 12. cxb5 exd5 13. O-O-O c4 14. Be3 Qxe5 15. Qf2 f6 16. g4 axb5 17. Nxb5 d4 18. Nxd4 Rxa2 19. Bxc4 Qc5 20. Qe2 Bd5 21. gxh5 Bxc4 22. Qc2 Ra1+ 23. Kd2 Ra2 24. Rc1 d5 25. Rhe1 Qb4+ 26. Kd1 Kf7 27. Nf4 Rg8 28. Bd2 Qb7 29. Nxd5 1-0

[Event "CAA 1ra Categoría"]
[Site "Buenos Aires"]
[Date "2004.??.??"]
[Round "?"]
[White "Quiroga, Facundo"]
[Black "Bronstein, Luis Marcos"]
[Result "0-1"]
[WhiteElo "2356"]
[BlackElo "2343"]
[PlyCount "92"]
[EventDate "2004.03.22"]
[Source "Roberto Alvarez"]
[SourceDate "2004.04.19"]

1. d4 Nf6 2. c4 b6 3. Nc3 Bb7 4. f3 d5 5. cxd5 Nxd5 6. Nxd5 Qxd5 7. e4 Qd7 8. Ne2 e5 9. Be3 Bb4+ 10. Kf2 O-O 11. dxe5 Qe7 12. a3 Bc5 13. Bxc5 Qxc5+ 14. Qd4 Qe7 15. Qc3 Nc6 16. Ng3 Nxe5 17. Be2 c5 18. Rhd1 g6 19. Rd2 Nc6 20. Bc4 Nd4 21. Ne2 b5 22. Bd3 Qh4+ 23. Kg1 Qg5 24. Nxd4 cxd4 25. Qa5 a6 26. Re2 Rad8 27. Qc7 Bc8 28. Rf1 Rfe8 29. f4 Qe7 30. Qc1 Be6 31. f5 Rc8 32. Qh6 Bc4 33. Rd2 Qf8 34. Qh4 Qe7 35. f6 Qf8 36. Qf4 Rc5 37. Bxc4 Rxc4 38. e5 d3 39. Qe3 Rc5 40. Rxd3 Rcxe5 41. Qg3 h6 42. Rfd1 Qc5+ 43. Kh1 Re3 44. Rxe3 Qxe3 45. Qxe3 Rxe3 46. Kg1 Re6 0-1

[Event "Stip"]
[Site "Stip"]
[Date "1977.11.??"]
[Round "9"]
[White "Rajkovic, Dusan"]
[Black "Zahariev, Pance"]
[Result "1-0"]
[WhiteElo "2495"]
[BlackElo "2200"]
[PlyCount "73"]
[EventDate "1977.11.??"]
[Source "www.chesslib.no"]
[SourceDate "2004.05.04"]

1. d4 Nf6 2. c4 b6 3. Nc3 Bb7 4. d5 e6 5. a3 Be7 6. e4 d6 7. Nf3 a5 8. Bd3 Nbd7 9. O-O Nc5 10. Bc2 O-O 11. Rb1 a4 12. Be3 Bc8 13. Bxc5 bxc5 14. Bxa4 Bd7 15. Bc2 e5 16. Qc1 Nh5 17. b4 Bg4 18. Bd1 cxb4 19. axb4 Nf4 20. Nxe5 Bg5 21. Bxg4 Ne2+ 22. Bxe2 Bxc1 23. Nc6 Qg5 24. Rbxc1 Qd2 25. c5 f5 26. Rfd1 Qb2 27. exf5 Kh8 28. Bd3 Rfe8 29. g3 dxc5 30. bxc5 Ra3 31. Rc2 Qb7 32. Kg2 h5 33. Rb1 Qa8 34. h4 Ra1 35. Rxa1 Qxa1 36. d6 Qa8 37. Bb5 1-0